La educación del autoconcepto: cuestiones y propuestas

Saved in:
書目詳細資料
主要作者: Saura Calixto, Pilar (Author)
格式: 圖書
語言:西班牙语
出版: Murcia Universidad de Murcia 1995
主題:
標簽: 添加標簽
沒有標簽, 成為第一個標記此記錄!

MARC

LEADER 00000nam a2200000 a 4500
001 UCR6141
003 CL-VaPUC
008 980420e19950000SP |||||||||||||||||spa|d
082 0 4 |a 370.15  |b SAU  |2 21 
100 0 |a Saura Calixto, Pilar  |e author  |9 407313 
245 1 3 |a La educación del autoconcepto: cuestiones y propuestas 
300 |a 181 p 
942 |c BK 
945 |d 19980420 00:00:00  |a rbrito 
260 |a Murcia  |b Universidad de Murcia  |c 1995 
650 0 |a Psicología del aprendizaje  |9 306854 
650 0 |a Autoconcepto   |9 390612 
650 0 |a Conducta humana   |9 269906 
650 0 |a Autocontrol   |9 395908 
650 0 |a Lógica  |9 256849 
650 0 |a Pensamiento  |9 307612 
650 0 |a Personalidad   |9 307255 
583 |a last modification  |c 19980420 00:00:00  |k Rodrigo Vera 
999 |c 268445  |d 268443 
952 |0 0  |1 0  |4 0  |6 370_150000000000000_SAU_1995  |7 0  |8 A  |9 301594  |a BIBEDU  |b BIBEDU  |d 2019-11-20  |i 3404919  |o 370.15 SAU 1995  |p 3404919  |r 2019-11-20  |w 2019-11-20  |y BK  |k EPE